[Event "Let's Play Chess!"]
[Site "http://www.queenalice.com/game.php?id=1840570"]
[Date "2024.7.21"]
[Round "-"]
[White "sasquatico"]
[Black "leoreis"]
[Result "1-0"]
[WhiteElo "1878"]
[BlackElo "1846"]

1. d4 d5 2. e3 e6 3. a3 a6 4. Nf3 Nf6 5. Nc3 Nc6 6. Bd3 Bd6 7. e4 dxe4 8. Nxe4
Nxe4 9. Bxe4 Bd7 10. Be3 h6 11. d5 exd5 12. Bxd5 O-O 13. O-O Ne7 14. Bxb7 Ra7
15. Bxa7 1-0

[Event "Let's Play Chess!"]
[Site "http://www.queenalice.com/game.php?id=1840571"]
[Date "2024.7.21"]
[Round "-"]
[White "leoreis"]
[Black "sasquatico"]
[Result "0-1"]
[WhiteElo "1831"]
[BlackElo "1877"]

1. d4 d5 2. c4 dxc4 3. e4 e5 4. d5 Bb4+ 5. Bd2 Bxd2+ 6. Nxd2 Nf6 7. Bxc4 O-O 8.
Ngf3 Nbd7 9. O-O Nc5 10. Re1 Bg4 11. h3 Bh5 12. g4 Bg6 13. Nxe5 Bxe4 14. f3 Bxd5
15. Bxd5 Qxd5 16. Qc2 h6 17. b3 Rad8 18. Rad1 Qd4+ 19. Kg2 Ne6 20. Ndc4 Qf4 21.
Rxd8 Rxd8 22. Rd1 Rxd1 23. Qxd1 Nd4 24. Ng6 fxg6 0-1

[Event "Challenge"]
[Site "http://www.queenalice.com/game.php?id=1840728"]
[Date "2024.7.23"]
[Round "-"]
[White "jogo"]
[Black "leoreis"]
[Result "1-0"]
[WhiteElo "1782"]
[BlackElo "1817"]

1. e4 e5 2. d4 exd4 3. Qxd4 Nc6 4. Qe3 Be7 5. Bc4 Nf6 6. Bd2 Ne5 7. Bb3 d6 8. h3
b6 9. f4 Ned7 10. Nf3 Nc5 11. Bd5 Nxd5 12. exd5 O-O 13. Nc3 Bf5 14. O-O-O Qd7
15. g4 Rae8 16. gxf5 Qxf5 17. Nd4 Qd7 18. Qg3 Bf6 19. Nf3 Bxc3 20. Bxc3 Ne4 21.
Qxg7# 1-0

[Event "Challenge"]
[Site "http://www.queenalice.com/game.php?id=1840729"]
[Date "2024.7.23"]
[Round "-"]
[White "leoreis"]
[Black "jogo"]
[Result "0-1"]
[WhiteElo "1771"]
[BlackElo "1880"]

1. d4 Nf6 2. Nf3 d5 3. Nc3 g6 4. e3 Bg7 5. Bd2 O-O 6. Bd3 Re8 7. O-O c6 8. h3 b5
9. a4 b4 10. Na2 a5 11. b3 Ba6 12. Bxa6 Nxa6 13. c3 Ne4 14. cxb4 Nxd2 15. Qxd2
axb4 16. Nxb4 Nxb4 17. Qxb4 Rb8 18. Qc3 Qb6 19. Rfb1 Rec8 20. Ne1 c5 21. Qd3 Qa5
22. Nc2 c4 23. bxc4 Rxb1+ 24. Rxb1 Rxc4 25. Qb3 Rxa4 26. Qb8+ Bf8 27. Qb3 e6 28.
Qb8 Qa7 29. Qe8 h5 30. Rb8 Ra1+ 31. Nxa1 Qxa1+ 32. Kh2 Qa3 33. Qxf8+ Qxf8 34.
Rxf8+ Kxf8 35. Kg3 Ke7 36. Kf4 f6 37. e4 g5+ 38. Kg3 dxe4 39. f4 h4+ 0-1

[Event "Challenge"]
[Site "http://www.queenalice.com/game.php?id=1841001"]
[Date "2024.7.29"]
[Round "-"]
[White "jogo"]
[Black "leoreis"]
[Result "1-0"]
[WhiteElo "1810"]
[BlackElo "1801"]

1. e4 e6 2. d4 Nc6 3. c4 d6 4. f4 Nf6 5. Nc3 Be7 6. Nf3 h6 7. Bd3 O-O 8. O-O a6
9. h3 Nb4 10. Bb1 b5 11. a3 Nc6 12. cxb5 axb5 13. e5 dxe5 14. fxe5 Nd5 15. Qd3
Nxc3 16. Qh7# 1-0

[Event "Challenge"]
[Site "http://www.queenalice.com/game.php?id=1841003"]
[Date "2024.7.29"]
[Round "-"]
[White "leoreis"]
[Black "jogo"]
[Result "0-1"]
[WhiteElo "1759"]
[BlackElo "1897"]

1. e4 e5 2. Nf3 Nf6 3. Nc3 d6 4. d3 h6 5. h3 Be7 6. Be3 c5 7. Be2 O-O 8. Nd5
Nxd5 9. exd5 f5 10. c4 f4 11. Bd2 g5 12. O-O g4 13. hxg4 Bxg4 14. Nh2 Bxe2 15.
Qxe2 Nd7 16. Qh5 Bg5 17. Qg6+ Kh8 18. Ng4 Rg8 19. Qh5 Nf6 20. Nxf6 Qxf6 21. Qd1
Raf8 22. Bc3 f3 23. g3 Bh4 24. Kh2 Bg5 25. Rh1 Bh4 26. Kg1 Bxg3 27. fxg3 Rxg3+
28. Kf1 f2 29. Bd2 Rg1+ 30. Rxg1 fxg1=Q+ 31. Kxg1 Rg8+ 0-1

[Event "Challenge"]
[Site "http://www.queenalice.com/game.php?id=1841438"]
[Date "2024.8.4"]
[Round "-"]
[White "okiwiz"]
[Black "leoreis"]
[Result "1-0"]
[WhiteElo "1722"]
[BlackElo "1749"]

1. d4 d5 2. e3 e6 3. Bd3 Bd6 4. Nd2 Nf6 5. f4 a6 6. Ngf3 Nc6 7. c3 O-O 8. O-O h6
9. Ne5 Nd7 10. Rf3 Ndxe5 11. fxe5 Be7 12. Rg3 Bg5 13. Qh5 f5 14. Nf3 Qe8 15. Qh3
Qg6 16. Bc2 Bd7 17. Bd2 Be8 18. Rf1 Qh5 19. Nxg5 hxg5 20. Qxh5 Bxh5 21. Rxg5 Be8
22. Rf3 Na5 23. Rfg3 Rf7 24. Bd1 Nc4 25. Bc1 Bb5 26. Bh5 Re7 27. b3 Nb6 28. Ba3
Rd7 29. Bc5 Nc8 30. Be8 Kh8 31. Bxd7 Bxd7 32. Rxg7 Bb5 33. R7g5 1-0

[Event "Let's Play Chess!"]
[Site "http://www.queenalice.com/game.php?id=1841636"]
[Date "2024.8.10"]
[Round "-"]
[White "Charles56"]
[Black "leoreis"]
[Result "1-0"]
[WhiteElo "1763"]
[BlackElo "1732"]

1. Nf3 d5 2. d4 Nf6 3. h3 e6 4. a3 Nc6 5. Bg5 h6 6. Bh4 Be7 7. e3 O-O 8. Nc3 a6
9. Bd3 Nh5 10. Bxe7 Qxe7 11. Nd2 Nf6 12. g4 e5 13. dxe5 Nxe5 14. Nf3 Nxf3+ 15.
Qxf3 Be6 16. Qg3 c5 17. f4 c4 18. Be2 Rac8 19. h4 Ne4 20. Nxe4 dxe4 21. f5 Bd7
22. Rf1 f6 23. Rg1 Kh8 24. c3 b5 25. g5 Rg8 26. Qf4 fxg5 27. hxg5 Qf8 28. gxh6
gxh6 29. Rxg8+ Kxg8 30. Kd2 Bxf5 31. Rg1+ Kh7 32. Kc2 Rc6 33. Bh5 Qf6 34. Qg3
Rc8 35. Qf4 Qe6 36. Qg3 Qf6 37. Qf4 Qe6 38. Rh1 Rg8 39. Rh2 Rg7 40. Rf2 Rg5 41.
Rh2 Qd5 42. Rd2 Qe6 43. Rd6 Qg8 44. Rxa6 Rg2+ 45. Kb1 Qf8 46. Ra7+ Rg7 47. Rxg7+
Kxg7 48. Qc7+ Kg8 49. Qe5 1-0

[Event "Challenge"]
[Site "http://www.queenalice.com/game.php?id=1842232"]
[Date "2024.8.21"]
[Round "-"]
[White "okiwiz"]
[Black "leoreis"]
[Result "1-0"]
[WhiteElo "1770"]
[BlackElo "1717"]

1. e4 e6 2. Nc3 Nc6 3. Bb5 Nd4 4. Ba4 a6 5. Nf3 Bc5 6. Ne5 b5 7. Bb3 Nxb3 8.
axb3 Nf6 9. Nxb5 Bb7 10. Nc3 Nxe4 11. Nxe4 Bxe4 12. O-O O-O 13. d4 Bb6 14. Re1
Bb7 15. Re3 d6 16. Nc4 Ba7 17. Rg3 g6 18. Rh3 Qf6 19. c3 e5 20. Be3 exd4 21.
cxd4 Rfe8 22. Qg4 Bc8 23. Rf3 Qg7 24. Qh4 Bb7 25. Rh3 Bc8 26. Bh6 g5 27. Rg3
gxh4 28. Rxg7+ Kh8 29. Rxf7 d5 30. Nd2 Bxd4 31. Ra4 c5 32. Nf3 Kg8 33. Rf4 h3
34. gxh3 Bxh3 35. Ra1 Bxb2 36. Rd1 d4 37. Ng5 Be6 38. Kg2 Bd5+ 39. Kh3 Re5 40.
Rg1 1-0

[Event "Challenge"]
[Site "http://www.queenalice.com/game.php?id=1842251"]
[Date "2024.8.21"]
[Round "-"]
[White "Capixaba789"]
[Black "leoreis"]
[Result "1-0"]
[WhiteElo "1920"]
[BlackElo "1708"]

1. e4 e5 2. d4 exd4 3. c3 dxc3 4. Bc4 cxb2 5. Bxb2 f6 6. Nf3 Nc6 7. O-O Bc5 8.
Nc3 Na5 9. Bd3 d6 10. Nd5 Nc6 11. Nh4 Nge7 12. Ne3 O-O 13. Nhf5 Nxf5 14. Nxf5
Bxf5 15. exf5 Ne5 16. Be2 Re8 17. Kh1 Nf7 18. Bf3 c6 19. Qa4 Nh6 20. Qf4 Qb6 21.
Rab1 Qc7 22. Ba1 Rab8 23. Bh5 Re7 24. Bd1 Qd7 25. Bc2 b6 26. Qg3 Nxf5 27. Qh3
Nd4 28. Qxh7+ Kf8 29. Bg6 Ree8 30. Qh8+ Ke7 31. Bxe8 Qxe8 32. Rfe1+ Ne6 33.
Qxg7+ Qf7 34. Bxf6+ Ke8 35. Qh8+ 1-0

[Event "Challenge"]
[Site "http://www.queenalice.com/game.php?id=1842252"]
[Date "2024.8.21"]
[Round "-"]
[White "leoreis"]
[Black "Capixaba789"]
[Result "0-1"]
[WhiteElo "1717"]
[BlackElo "1899"]

1. d4 e5 2. Nf3 e4 3. Nfd2 d5 4. Nc3 f5 5. g3 Nf6 6. Bg2 Be7 7. f3 O-O 8. fxe4
fxe4 9. e3 Ng4 10. Rf1 Nxe3 11. Qe2 Nxc2+ 12. Kd1 Rxf1+ 0-1

[Event "Challenge"]
[Site "http://www.queenalice.com/game.php?id=1843380"]
[Date "2024.9.8"]
[Round "-"]
[White "leoreis"]
[Black "okiwiz"]
[Result "0-1"]
[WhiteElo "1703"]
[BlackElo "1771"]

1. d4 c5 2. e4 cxd4 3. Qxd4 Nc6 4. Qd1 Nf6 5. Nc3 e6 6. Bg5 Be7 7. Nf3 O-O 8. a3
Qb6 9. b4 Ng4 10. Qe2 d5 11. Bxe7 Nxe7 12. h3 Nf6 13. O-O-O a5 14. b5 Bd7 15. a4
Rac8 16. Kb2 Rc7 17. exd5 Nexd5 18. Nxd5 Nxd5 19. Qe1 Rfc8 20. Nd4 Qc5 21. Qd2
b6 22. Rc1 Be8 23. c4 Nb4 24. Nb3 Qe5+ 25. Ka3 Rd7 26. Qe2 Qf6 27. g4 Rcd8 28.
Bg2 Nd3 29. Bc6 Nxc1 30. Bxd7 Nxe2 0-1

[Event "Challenge"]
[Site "http://www.queenalice.com/game.php?id=1844100"]
[Date "2024.9.22"]
[Round "-"]
[White "okiwiz"]
[Black "leoreis"]
[Result "1-0"]
[WhiteElo "1812"]
[BlackElo "1676"]

1. d4 d5 2. e3 Nc6 3. Bd3 Nf6 4. Nd2 Bg4 5. Ngf3 e6 6. O-O Bd6 7. Qe1 O-O 8. c3
h6 9. e4 dxe4 10. Nxe4 Nxe4 11. Bxe4 Qd7 12. Nh4 Be7 13. Nf3 f5 14. Bxc6 Qxc6
15. Ne5 Qd5 16. Nxg4 fxg4 17. Be3 b6 18. Qe2 a6 19. Qxg4 Kh8 20. Rfe1 Qf5 21.
Qg3 Bd6 22. Qh4 Qf6 23. Qg4 Rae8 24. Re2 Bf4 25. Rae1 Bxe3 26. fxe3 Rf7 27. e4
e5 28. d5 Ref8 29. h3 g6 30. Re3 Qf2+ 31. Kh2 Qf4+ 32. Qxf4 Rxf4 33. Kg3 g5 34.
Rf3 Kh7 35. Ref1 Kg6 36. b3 Rxf3+ 37. Rxf3 Rxf3+ 38. gxf3 h5 39. a3 Kf6 40. b4
Kg6 41. c4 Kf6 42. Kf2 Kg6 43. Ke3 Kf6 44. Kd3 Ke7 45. a4 Kd6 46. Kc3 Kd7 47. c5
bxc5 48. bxc5 c6 49. d6 a5 50. Kd3 Ke6 51. Ke3 Kd7 52. Kf2 1-0

[Event "Challenge"]
[Site "http://www.queenalice.com/game.php?id=1844103"]
[Date "2024.9.22"]
[Round "-"]
[White "Scar"]
[Black "leoreis"]
[Result "1-0"]
[WhiteElo "1730"]
[BlackElo "1690"]

1. e4 e5 2. d4 exd4 3. Qxd4 Nc6 4. Qd1 Nf6 5. Nc3 Bb4 6. Bd2 O-O 7. Bd3 d6 8. a3
Bc5 9. b4 Bb6 10. f3 a6 11. Nge2 Ne5 12. Nf4 Nxd3+ 13. cxd3 Bd7 14. a4 Bd4 15.
Rc1 Bxc3 16. Rxc3 Bc6 17. d4 d5 18. e5 Qe7 19. Re3 b6 20. g4 Nd7 21. Qc2 Qh4+
22. Ke2 Qh6 23. Rc3 Nb8 24. b5 axb5 25. axb5 Bxb5+ 26. Kd1 c6 27. Qb2 Qh4 28.
Be3 Qe7 29. h4 Nd7 30. h5 f6 31. Ke1 fxe5 32. Ne2 1-0

[Event "Let's Play Chess!"]
[Site "http://www.queenalice.com/game.php?id=1845711"]
[Date "2024.10.18"]
[Round "-"]
[White "leoreis"]
[Black "harvir"]
[Result "1-0"]
[WhiteElo "1672"]
[BlackElo "1422"]

1. e4 e5 2. d3 c5 3. Nf3 Nc6 4. Be3 d5 5. Be2 d4 6. Bg5 h6 7. Bxd8 Kxd8 8. O-O
Bg4 9. h3 Nf6 10. hxg4 Be7 11. Nh4 Nxg4 12. Nf5 h5 13. Nxe7 Kxe7 14. Bxg4 hxg4
15. Qxg4 Rh6 16. Qxg7 Rah8 17. f3 Nb4 18. Na3 R8h7 19. Qxe5+ Kd8 20. Qb8+ Ke7
21. Qxb7+ Kf8 22. Qc8+ 1-0

[Event "Let's Play Chess!"]
[Site "http://www.queenalice.com/game.php?id=1845712"]
[Date "2024.10.18"]
[Round "-"]
[White "harvir"]
[Black "leoreis"]
[Result "0-1"]
[WhiteElo "1429"]
[BlackElo "1665"]

1. c4 e5 2. Nc3 Nf6 3. Qc2 d6 4. g3 Nc6 5. Bg2 Be6 6. Ne4 Be7 7. d4 exd4 8. Bg5
O-O 9. h4 Nxe4 10. Qxe4 h6 11. Nf3 f5 12. Qxe6+ Kh7 13. O-O-O Qe8 14. Nxd4 Bd8
15. e4 Nxd4 16. Rxd4 Qxe6 17. exf5 Bxg5+ 18. hxg5 Rxf5 19. gxh6 g6 20. Bxb7 Rb8
0-1

[Event "Challenge"]
[Site "http://www.queenalice.com/game.php?id=1845721"]
[Date "2024.10.18"]
[Round "-"]
[White "leoreis"]
[Black "okiwiz"]
[Result "1-0"]
[WhiteElo "1698"]
[BlackElo "1798"]

1. d4 c5 2. dxc5 Qa5+ 3. Bd2 Qxc5 4. e3 Nc6 5. Nc3 d6 6. Nf3 Bf5 7. a3 Rc8 8.
Be2 g6 9. O-O Bg7 10. e4 Bd7 11. Rb1 Nf6 12. b4 Qb6 13. Be3 Qc7 14. Nb5 Qb8 15.
Bd3 O-O 16. h3 a6 17. Nc3 Nd8 18. Ne2 Ne6 19. c4 Bc6 20. Ng3 Rfd8 21. Bb6 Rd7
22. a4 Rdc7 23. Bxc7 Rxc7 24. b5 axb5 25. cxb5 Bd7 26. e5 Ne8 27. exd6 Nxd6 28.
Qd2 Bc3 29. Qa2 Ba5 30. Ne5 Be8 31. Nc4 Bc3 32. Nxd6 exd6 33. Ne4 Bg7 34. Nxd6
Bd7 35. Rfc1 Rxc1+ 36. Rxc1 Qxd6 37. Rd1 Qf4 38. Bxg6 hxg6 39. Rxd7 Nc5 40. Rd8+
Kh7 41. Ra8 Qc1+ 42. Kh2 Be5+ 43. g3 Kg7 44. Ra7 Qd1 45. a5 Bd4 46. a6 Qf3 47.
Rxb7 Nxb7 48. axb7 Qxb7 49. Qe2 Qb6 50. Kg1 Qb8 51. Qd3 Qb6 52. Qe2 Qc7 53. Qd3
Qc5 54. Qe2 f6 55. Kf1 f5 56. Kg1 Be5 57. Kf1 Kf6 58. Kg2 Qd5+ 59. Kg1 Qc5 60.
Kf1 Ke6 61. f4 Qc1+ 62. Kg2 Qc5 63. Qxe5+ Qxe5 64. fxe5 Kxe5 65. b6 Kd6 66. b7
Kc7 67. b8=Q+ Kxb8 68. Kf3 g5 69. h4 Kc8 70. hxg5 Kd8 71. Kf4 Ke7 72. Kxf5 Kf7
73. g6+ Kg7 74. g4 Kh8 75. Kf6 Kg8 76. g7 Kh7 77. Kf7 Kh6 78. g8=R Kh7 79. Rg6
Kh8 80. Rh6# 1-0

[Event "Challenge"]
[Site "http://www.queenalice.com/game.php?id=1846906"]
[Date "2024.11.8"]
[Round "-"]
[White "Mr_SPOCK"]
[Black "leoreis"]
[Result "0-1"]
[WhiteElo "1774"]
[BlackElo "1678"]

1. e4 e5 2. Bc4 Nf6 3. d4 exd4 4. Bg5 Be7 5. e5 Ne4 6. Bxe7 Qxe7 7. Qxd4 Ng5 8.
Nd2 Nc6 9. Qd5 Qxe5+ 10. Qxe5+ Nxe5 11. O-O-O Nxc4 12. Re1+ Ne6 13. Nxc4 d5 14.
Ne3 c6 15. Nf3 O-O 16. Nf5 Rd8 17. Ne7+ Kf8 18. Nf5 Nc7 19. Ng3 h6 20. h4 Bg4
21. Nd4 Ne6 22. Nb3 Nf4 23. Nf5 Bxf5 24. g3 Ne6 25. h5 Be4 26. Rh4 Bf3 27. Re3
Be4 28. f4 Kg8 29. Nd2 Bh7 30. Rf3 Nd4 31. Rf1 Nf5 32. Rg4 Ne3 33. Rh4 Nxf1 34.
Nxf1 Re8 35. Kd2 Re7 36. Kc3 Rae8 37. Kb3 Re1 38. Nd2 R1e3+ 39. c3 Re2 40. Nf3
Bc2+ 41. Ka3 R8e4 42. Nd4 R2e3 43. Nxc2 Rxg3 44. Kb3 b5 45. Nb4 Rc4 46. Na6 c5
47. Nc7 Rb4+ 48. Kc2 Rg2+ 49. Kd3 c4+ 50. Kd4 Rd2+ 51. Kc5 Rbxb2 52. Nxd5 Rd1
53. Ne7+ Kf8 54. Nc6 Rd7 55. f5 a6 56. a4 Rbd2 57. Kb6 R7d5 58. Kxa6 Ra2 59. Nb4
Rxa4+ 60. Kb6 Rxf5 61. Rd4 Ra3 62. Rd8+ Ke7 63. Nc6+ Kf6 64. Rd6+ Kg5 65. Nd4
Rf6 66. Nxb5 Rxd6+ 67. Nxd6 Kxh5 68. Kb5 Rxc3 69. Nxf7 Rc1 70. Ne5 c3 71. Nd3
Rb1+ 72. Kc4 c2 73. Kc3 c1=Q+ 74. Nxc1 Rxc1+ 75. Kd2 Rg1 76. Ke3 Kg4 77. Kf2 Rg3
78. Kf1 Kf3 79. Ke1 Ke3 80. Kf1 Rg4 81. Ke1 Rg1# 0-1

[Event "Challenge"]
[Site "http://www.queenalice.com/game.php?id=1847539"]
[Date "2024.11.20"]
[Round "-"]
[White "leoreis"]
[Black "Mr_SPOCK"]
[Result "0-1"]
[WhiteElo "1718"]
[BlackElo "1700"]

1. e4 e5 2. Nf3 Nf6 3. Nc3 Bc5 4. h3 Nc6 5. Bc4 d6 6. d3 Qe7 7. Bg5 Be6 8. Bb5
O-O 9. O-O Bxh3 10. gxh3 a6 11. Ba4 b5 12. Bb3 a5 13. Nxb5 Qd7 14. Kh2 h6 15.
Bxf6 g6 16. Bh4 Kh7 17. Bd5 Rg8 18. Nd2 Raf8 19. Nb3 g5 20. Bg3 Rg6 21. Nxc5
dxc5 22. Bxc6 Qxc6 23. Nc3 f5 24. f3 f4 25. Be1 h5 26. Rg1 Rfg8 27. Nd5 R8g7 28.
Bc3 Qe6 29. Rh1 g4 30. hxg4 hxg4 31. Rg1 Rh6+ 32. Kg2 gxf3+ 33. Kxf3 Qh3+ 34.
Kf2 Qh2+ 0-1

[Event "Challenge"]
[Site "http://www.queenalice.com/game.php?id=1847547"]
[Date "2024.11.21"]
[Round "-"]
[White "okiwiz"]
[Black "leoreis"]
[Result "1-0"]
[WhiteElo "1778"]
[BlackElo "1716"]

1. d4 d5 2. e3 Nf6 3. Bd3 Nc6 4. c3 e5 5. dxe5 Nxe5 6. Bc2 Be7 7. Nf3 Nxf3+ 8.
Qxf3 O-O 9. O-O Bg4 10. Qf4 Bd6 11. Qa4 c6 12. Nd2 Be6 13. Nf3 Qc7 14. Nd4 c5
15. Nb5 Qd7 16. Nxd6 Qxd6 17. Rd1 c4 18. e4 Qe7 19. e5 Nd7 20. f4 g6 21. Be3 Nc5
22. Qb5 b6 23. a4 Nb7 24. Rd2 f6 25. Rxd5 Bxd5 26. Qxd5+ Kh8 27. e6 Na5 28. f5
Rfd8 29. Qe4 g5 30. Bxg5 Qc5+ 31. Be3 Qe5 32. Qf3 Rg8 33. Bd4 1-0

[Event "Challenge"]
[Site "http://www.queenalice.com/game.php?id=1848055"]
[Date "2024.11.30"]
[Round "-"]
[White "Mr_SPOCK"]
[Black "leoreis"]
[Result "0-1"]
[WhiteElo "1679"]
[BlackElo "1701"]

1. e4 e5 2. Bc4 Nf6 3. Nc3 Nc6 4. d3 h6 5. Nf3 Bb4 6. Bd2 d6 7. O-O O-O 8. a3
Ba5 9. Bxh6 gxh6 10. Nh4 Be6 11. Nd5 Nxe4 12. dxe4 Qxh4 13. Qf3 Nd4 14. Nf6+ Kh8
15. Qe3 Qxf6 16. Bd3 Bb6 17. Qd2 Rg8 18. g3 Nf3+ 19. Kg2 Nxd2 20. f3 Nxf1 21.
Rxf1 Qh4 22. Rf2 Qh3+ 23. Kg1 Bxf2+ 24. Kxf2 Qxh2+ 25. Ke3 Rxg3 26. Be2 Bg4 27.
Kd3 Bxf3 28. Bxf3 b5 29. Kc3 c5 30. Kb3 Rxf3+ 31. c3 Qe2 32. a4 Qc4+ 33. Kc2
Rf2+ 34. Kb1 Qb3 35. axb5 Qxb2# 0-1

[Event "Challenge"]
[Site "http://www.queenalice.com/game.php?id=1848715"]
[Date "2024.12.12"]
[Round "-"]
[White "leoreis"]
[Black "okiwiz"]
[Result "0-1"]
[WhiteElo "1702"]
[BlackElo "1792"]

1. d4 e6 2. e4 d5 3. e5 c5 4. c3 Nc6 5. Nf3 cxd4 6. cxd4 Bd7 7. Nc3 Qb6 8. b3
Bb4 9. Qd3 Rc8 10. Be2 Nxe5 11. dxe5 Bxc3+ 0-1

[Event "Challenge"]
[Site "http://www.queenalice.com/game.php?id=1848716"]
[Date "2024.12.12"]
[Round "-"]
[White "okiwiz"]
[Black "leoreis"]
[Result "1-0"]
[WhiteElo "1804"]
[BlackElo "1690"]

1. d4 Nf6 2. e3 d5 3. Bd3 Nc6 4. c3 e5 5. Ne2 e4 6. Bb5 Bd7 7. Ba4 Be7 8. O-O
O-O 9. Nf4 a6 10. Bb3 Bf5 11. Nd2 b5 12. Bc2 Bd6 13. f3 Qd7 14. fxe4 dxe4 15.
Rf2 Bxf4 16. Rxf4 Rae8 17. b3 g5 18. Rf1 Bg4 19. Qe1 Bh5 20. Rxf6 Bg6 21. Qg3 h6
22. Ba3 Ne7 23. Bxe4 Bxe4 24. Nxe4 1-0